| 000 | 01369nam a2200349 c 4500 | ||
|---|---|---|---|
| 999 |
_c159556 _d159556 |
||
| 003 | BLK | ||
| 005 | 20220621085904.0 | ||
| 008 | 180410b bul|||||r ||||||| ||bul|| | ||
| 010 | _aKNG00166727000 | ||
| 040 | _aBLK | ||
| 041 |
_aBUL _cBUL |
||
| 080 |
_aБългарска литература _b821.163.2 _x(081.2) _z821.163.2(081.2) |
||
| 080 |
_aБългарска литература _b821.163.2 _x-32 _z821.163.2-32 |
||
| 100 | 1 |
_aВазов, Иван Минчов _eпърви автор _9363396 |
|
| 139 |
_aВазов, Иван Минчов _bВ 15 |
||
| 245 | 1 | 0 |
_aИзбрани разкази _cИван Минчов Вазов; предг. от Петър Николов Динеков. |
| 250 | _a7. изд. | ||
| 257 | _aBGR | ||
| 260 |
_bБълг. писател _c1969 _aСофия |
||
| 300 |
_a336 с. _c25 см |
||
| 380 | _aX | ||
| 490 |
_aБиблиотека за ученика _9201322 |
||
| 500 | _a1. изд. 1950. - 35 100 тир. | ||
| 653 | _aбългарска литература | ||
| 653 | _aразкази | ||
| 700 | 1 |
_aДинеков, Петър Николов _eпредг. от _9363799 |
|
| 852 |
_aЦб 49930 _bЦб |
||
| 856 | 4 | _qpdf | |
| 856 | 4 | _qpdf | |
| 942 |
_cKNG _n0 _s1 |
||
| 944 |
_aCR _c30.10.2014 _l30.10.2014 - от С1,Р / 30.10.2014 _kИрена_Русанова |
||
| 944 |
_aED _c29.03.2018 _l30.10.2014 - от С1,Р / 30.10.2014 _kНора_Радева |
||
| 944 |
_aED _c2022-06-21 _kВП |
||
| 999 | _d159556 | ||